Globálne usporiadanie sveta si vyžaduje nový systém vládnutia

Recenzia na publikáciu, ktorá sa snaží preskúmať na akých princípoch funguje vládnutie, aké sú jeho zákonitosti a s akými dopadmi bude ovplyvňovať našu budúcnosť.

Salvato in:
Dettagli Bibliografici
Autore principale: Baláž, Peter
Natura: Capitolo di libro
Lingua:slovacco
Soggetti:
Tags: Aggiungi Tag
Nessun Tag, puoi essere il primo ad aggiungerne!!

MARC

LEADER 00000naa a2200000 4500
001 0152617
005 20240502072721.8
041 0 |a slo 
044 |a SK 
245 1 0 |a Globálne usporiadanie sveta si vyžaduje nový systém vládnutia  |c Peter Baláž 
520 |a Recenzia na publikáciu, ktorá sa snaží preskúmať na akých princípoch funguje vládnutie, aké sú jeho zákonitosti a s akými dopadmi bude ovplyvňovať našu budúcnosť. 
610 2 0 |a recenzie 
610 2 0 |a kríza hospodárska 
610 2 0 |a politika medzinárodná 
610 2 0 |a hospodárstvo svetové 
100 1 |a Baláž, Peter